000 00570nam a2200205Ia 4500
003 OSt
005 20240912085731.0
008 220927b |||||||| |||| 00| 0 eng d
020 _a1857150554
040 _aSDCL
_cSDCL
_beng
041 _2eng
_aeng
082 _aRxD12,M N2
100 _aAurelius, Marcus
_9407760
245 0 _aMeditations.
260 _aLondon:
_bDavid Campbell Publishers,
_c1992.
300 _axxi,250p.
_ccm.
490 _aMillennium Library.
942 _hRxD12,M N2
_cTEXL
_2CC
999 _c723279
_d723279